| 000 | 00692nam a2200205 i 4500 | ||
|---|---|---|---|
| 001 | 67662 | ||
| 003 | ES-MaACL | ||
| 005 | 20240527160107.0 | ||
| 007 | t| | ||
| 008 | 040609s2003 lu ||||1| spa d | ||
| 020 | _a92-78-40167-6 | ||
| 080 | _a341.176(4-672 UE) | ||
| 080 | _a342.4(4-672 UE) | ||
| 245 | 0 | 0 |
_aProyecto de Tratado por el que se instituye una constitución para Europa _b: presentado al Consejo Europeo reunido en Salónica, 20 de junio de 2003. |
| 260 |
_aLuxemburgo : _bOficina de Publicaciones Oficiales de las Comunidades Europeas, _c2003. |
||
| 300 |
_a167 p. ; _c18 cm. |
||
| 610 | 2 | 0 |
_a _9236700 |
| 852 |
_aES-MaACL _jL-27930 _bR.133600 |
||
| 999 |
_c67662 _d67662 |
||